|
|
|
|
| LEADER |
00000nab a2200000 a 4500 |
| 001 |
vtls008771570 |
| 003 |
SK-MaSNL |
| 005 |
20260303071446.0 |
| 008 |
060608 20060608xo dr er 000 0 slo |
| 038 |
|
|
|a KEVKJB
|
| 040 |
|
|
|a KEVKJB
|b slo
|c KEVKJB
|e AACR2
|
| 041 |
0 |
|
|a slo
|
| 044 |
|
|
|a xo
|c SK
|
| 080 |
|
|
|a 908(437.671)
|2 2001
|
| 080 |
|
|
|a 929 Kresz, Ján
|2 2001
|
| 100 |
1 |
|
|a Mihóková, Mária,
|d 1926-2016
|4 aut
|9 193865
|
| 245 |
1 |
0 |
|a Učiteľ a novinár Ján Kresz
|b kto je kto ?
|c Mária Mihóková, (som)
|
| 600 |
1 |
7 |
|a Kresz, Ján
|d 1843-1910
|2 kevkjb
|9 1069203
|
| 650 |
0 |
7 |
|a učitelia
|z Košice (Slovensko)
|2 kevkjb
|9 1050038
|
| 650 |
0 |
7 |
|a novinári
|z Košice (Slovensko)
|2 kevkjb
|9 1070172
|
| 651 |
|
7 |
|a Košice (Slovensko)
|2 kevkjb
|9 18694
|
| 773 |
0 |
|
|t Košický denník Korzár
|g Roč. IX, č. 131 (8.6.2006), s. 20
|x 1335-4566
|
| 852 |
|
|
|a KEVKJB
|b KIS3GCP
|
| 958 |
|
|
|a BX
|
| 999 |
|
|
|c 1760013
|d 1761943
|